000 00527nam a2200181Ia 4500
008 100917s9999 xx 000 0 und d
082 _b59367
100 _aफडके रघुनाथ कृष्ण
245 _aस्वल्पविराम
260 _bतरूण साहित्य
_c1937
300 _a135
365 _b5
520 _aनिबंध
630 _aस्वल्पविराम
650 _aनिबंध
730 _aस्वल्पविराम
942 _cBOOK
999 _c664761
_d664758